[Event "BCF-chT3N 1920 (4NCL)"]
[Site "England"]
[Date "2020.01.11"]
[Round "3.64"]
[White "Johnson, Michael D"]
[Black "Hirst, Joe"]
[Result "1-0"]
[WhiteElo "1942"]
[BlackElo "1915"]
[PlyCount "67"]
[EventDate "2019.11.09"]
[EventType "team-swiss"]
[EventRounds "11"]
[EventCountry "ENG"]
[SourceTitle "EXT 2022"]
[Source "ChessBase"]
[SourceDate "2021.10.06"]
[SourceVersion "1"]
[SourceVersionDate "2021.10.06"]
[SourceQuality "1"]
[WhiteTeam "Spirit of Atticus II"]
[BlackTeam "J'Adoube II"]
[WhiteTeamCountry "ENG"]
[BlackTeamCountry "ENG"]

1. Nf3 Nf6 2. g3 g6 3. Bg2 Bg7 4. 0-0 0-0 5. d4 d6 6. c4 c6 7. Nc3 Qa5 8. Bg5 h6 9. Bxf6 Bxf6 10. Qd2 Kg7 11. Rfd1 Nd7 12. b3 e5 13. dxe5 Nxe5 14. Nxe5 Bxe5 15. Rac1 Rd8 16. f4 Bf6 17. Ne4 Qxd2 18. Rxd2 Be7 19. Rcd1 Bf5 20. Nxd6 Bc2 21. Rxc2 Rxd6 22. Rcd2 Rad8 23. Rxd6 Rxd6 24. Rxd6 Bxd6 25. e4 Bc5+ 26. Kf1 Kf8 27. Bh3 Ke7 28. Bc8 b6 29. e5 Be3 30. Ke2 Bg1 31. h3 Bh2 32. Kf2 h5 33. Kg2 Kd8 34. e6 1-0

[Event "BCF-chT3N 1920 (4NCL)"]
[Site "England"]
[Date "2019.11.10"]
[Round "2.65"]
[White "Lonsdale, Jon I"]
[Black "Johnson, Michael D"]
[Result "1/2-1/2"]
[WhiteElo "1840"]
[BlackElo "1942"]
[PlyCount "85"]
[EventDate "2019.11.09"]
[EventType "team-swiss"]
[EventRounds "11"]
[EventCountry "ENG"]
[SourceTitle "EXT 2022"]
[Source "ChessBase"]
[SourceDate "2021.10.06"]
[SourceVersion "1"]
[SourceVersionDate "2021.10.06"]
[SourceQuality "1"]
[WhiteTeam "Manchester Manticores III"]
[BlackTeam "Spirit of Atticus II"]
[WhiteTeamCountry "ENG"]
[BlackTeamCountry "ENG"]

1. e4 e6 2. d4 d5 3. e5 c5 4. c3 Nc6 5. Nf3 Qb6 6. a3 a5 7. b3 Bd7 8. Be3 cxd4 9. cxd4 Rc8 10. Be2 Nb8 11. Qd3 Ne7 12. 0-0 Nf5 13. Bc1 Nc6 14. Bb2 Na7 15. a4 Nc6 16. Rc1 Bb4 17. Na3 Bxa3 18. Rxa3 0-0 19. Raa1 Nb4 20. Qd1 Rc6 21. Rxc6 Bxc6 22. Rc1 Bd7 23. Ba3 Rc8 24. Rxc8+ Bxc8 25. Bb5 Nc6 26. Bc5 Qc7 27. g4 Nfe7 28. Qc1 h6 29. Qc3 Ng6 30. Bd6 Qb6 31. h3 Bd7 32. Kh2 Qd8 33. Kg3 Nf8 34. Qc5 Nh7 35. Nd2 h5 36. Bd3 hxg4 37. hxg4 Qg5 38. f4 Qh6 39. Nf3 Qh1 40. Qc3 Qd1 41. Bc5 Nf8 42. Qc2 Qxc2 43. Bxc2 1/2-1/2

[Event "BCF-chT3N 1819 (4NCL)"]
[Site "England"]
[Date "2019.05.06"]
[Round "11.63"]
[White "Turner, John M"]
[Black "Johnson, Michael D"]
[Result "1-0"]
[WhiteElo "1990"]
[BlackElo "1954"]
[PlyCount "105"]
[EventDate "2018.11.10"]
[EventType "team-swiss"]
[EventRounds "11"]
[EventCountry "ENG"]
[SourceTitle "EXT 2021"]
[Source "ChessBase"]
[SourceDate "2020.10.23"]
[SourceVersion "1"]
[SourceVersionDate "2020.10.23"]
[SourceQuality "1"]
[WhiteTeam "Holmes Chapel"]
[BlackTeam "Spirit of Atticus II"]
[WhiteTeamCountry "ENG"]
[BlackTeamCountry "ENG"]

1. e4 e6 2. d4 d5 3. Nd2 c5 4. exd5 exd5 5. Ngf3 Nf6 6. Bb5+ Bd7 7. Qe2+ Qe7 8. 0-0 Qxe2 9. Bxe2 Be7 10. dxc5 Bxc5 11. Nb3 Bb6 12. c3 h6 13. Bf4 0-0 14. Be5 Bd8 15. Rad1 Bc6 16. Nfd4 Nbd7 17. Nxc6 bxc6 18. Bd6 Re8 19. Ba6 Ne4 20. Bb7 Nxd6 21. Bxa8 Ne5 22. Nd4 Bb6 23. Bxc6 Nxc6 24. Nxc6 Re2 25. Rde1 Rxb2 26. Ne7+ Kh7 27. Nxd5 Bc5 28. Nb4 Bxb4 29. cxb4 Rxb4 30. Rd1 Rb6 31. Rfe1 Ra6 32. Re2 g6 33. g3 Kg7 34. Rd4 Nb5 35. Rc4 Ra3 36. Kg2 Ra6 37. a4 Nd6 38. Rb4 Nc8 39. Rc2 Nb6 40. Rc6 Ra5 41. Rc1 Ra6 42. Ra1 Ra5 43. Rb5 Rxa4 44. Rxa4 Nxa4 45. Ra5 Nb6 46. Rxa7 Nd5 47. f4 g5 48. fxg5 hxg5 49. Ra5 Ne3+ 50. Kf3 Nf1 51. Rxg5+ Kh6 52. Rf5 Kg6 53. Rf4 1-0

[Event "BCF-chT3N 1819 (4NCL)"]
[Site "England"]
[Date "2019.03.17"]
[Round "8.44"]
[White "Reed, John"]
[Black "Johnson, Michael D"]
[Result "0-1"]
[WhiteElo "1990"]
[BlackElo "1954"]
[PlyCount "90"]
[EventDate "2018.11.10"]
[EventType "team-swiss"]
[EventRounds "11"]
[EventCountry "ENG"]
[SourceTitle "EXT 2021"]
[Source "ChessBase"]
[SourceDate "2020.10.23"]
[SourceVersion "1"]
[SourceVersionDate "2020.10.23"]
[SourceQuality "1"]
[WhiteTeam "Manchester Manticores II"]
[BlackTeam "Spirit of Atticus II"]
[WhiteTeamCountry "ENG"]
[BlackTeamCountry "ENG"]

1. d4 Nf6 2. c4 g6 3. g3 Bg7 4. Bg2 c5 5. Nf3 0-0 6. d5 d6 7. Nc3 a6 8. a4 Bg4 9. h3 Bxf3 10. Bxf3 Nbd7 11. Bf4 Ne8 12. 0-0 Ne5 13. Bxe5 Bxe5 14. Bg2 Qa5 15. Ra3 Qb4 16. Rb3 Qxc4 17. Rxb7 Bxc3 18. bxc3 Qxc3 19. Rxe7 Rb8 20. Qa1 Qa5 21. h4 Rb4 22. Re4 Rxe4 23. Bxe4 f5 24. Bf3 Qd8 25. Rb1 f4 26. Rb7 fxg3 27. fxg3 Rf7 28. Rxf7 Kxf7 29. Qb2 a5 30. Kg2 h5 31. Qb7+ Qc7 32. Qb3 Nf6 33. Qe3 Kg7 34. Qc3 Kf7 35. Qe3 c4 36. Qc3 Qc5 37. e4 Qb4 38. Qd4 c3 39. Qa7+ Kf8 40. Qa8+ Kf7 41. Qc8 Qb2+ 42. Kh3 c2 43. Qe6+ Kg7 44. Qe7+ Kh8 45. e5 Ng8 0-1

[Event "BCF-chT3N 1819 (4NCL)"]
[Site "England"]
[Date "2019.01.12"]
[Round "3.33"]
[White "Reeve, Andy K"]
[Black "Johnson, Michael D"]
[Result "1-0"]
[WhiteElo "2088"]
[BlackElo "1954"]
[PlyCount "113"]
[EventDate "2018.11.10"]
[EventType "team-swiss"]
[EventRounds "11"]
[EventCountry "ENG"]
[SourceTitle "EXT 2021"]
[Source "ChessBase"]
[SourceDate "2020.10.23"]
[SourceVersion "1"]
[SourceVersionDate "2020.10.23"]
[SourceQuality "1"]
[WhiteTeam "3CS Oldham II"]
[BlackTeam "Spirit of Atticus II"]
[WhiteTeamCountry "ENG"]
[BlackTeamCountry "ENG"]

1. c4 Nf6 2. Nf3 g6 3. g3 Bg7 4. Bg2 0-0 5. 0-0 c6 6. d3 d5 7. Nbd2 Re8 8. Rb1 Nbd7 9. b4 Nb6 10. Qc2 Bg4 11. h3 Bxf3 12. Nxf3 Nbd7 13. Bb2 Rc8 14. Ne5 Nxe5 15. Bxe5 Nh5 16. Bxg7 Nxg7 17. Rfc1 e6 18. a4 b6 19. Qa2 Re7 20. Rc2 Rec7 21. Rbc1 Ne8 22. Qb3 a6 23. Kh2 Nf6 24. Qb2 Ne8 25. h4 h5 26. Bf3 Ng7 27. Qe5 Ne8 28. Kg2 Qf6 29. d4 Qxe5 30. dxe5 dxc4 31. Rxc4 c5 32. a5 bxa5 33. bxa5 Ng7 34. Rb1 Nf5 35. e3 Ne7 36. Rb6 Nc6 37. Rxc5 Ne7 38. Rxc7 Rxc7 39. Rxa6 Rc5 40. Ra8+ Kg7 41. a6 Nd5 42. Bxd5 Rxd5 43. f4 Ra5 44. Kf3 Ra4 45. g4 hxg4+ 46. Kxg4 Ra3 47. a7 Ra4 48. h5 gxh5+ 49. Kxh5 Ra5 50. Kg4 Ra4 51. e4 Kh7 52. Kg5 Kg7 53. f5 Ra6 54. Kf4 Ra3 55. Kg4 Kh7 56. f6 Ra1 57. Kf3 1-0

[Event "BCF-chT3N 1819 (4NCL)"]
[Site "England"]
[Date "2018.11.11"]
[Round "2.44"]
[White "Johnson, Michael D"]
[Black "Boswell, Jacob Connor"]
[Result "1-0"]
[WhiteElo "1954"]
[BlackElo "2035"]
[PlyCount "105"]
[EventDate "2018.11.10"]
[EventType "team-swiss"]
[EventRounds "11"]
[EventCountry "ENG"]
[SourceTitle "EXT 2021"]
[Source "ChessBase"]
[SourceDate "2020.10.23"]
[SourceVersion "1"]
[SourceVersionDate "2020.10.23"]
[SourceQuality "1"]
[WhiteTeam "Spirit of Atticus II"]
[BlackTeam "Cheddleton II"]
[WhiteTeamCountry "ENG"]
[BlackTeamCountry "ENG"]

1. Nf3 Nf6 2. g3 g6 3. Bg2 Bg7 4. 0-0 c5 5. d4 cxd4 6. Nxd4 Nc6 7. Nxc6 bxc6 8. c4 0-0 9. Nc3 Ba6 10. Qa4 Qc8 11. Bg5 h6 12. Bxf6 Bxf6 13. Rac1 Rb8 14. b3 Bb7 15. c5 Ba6 16. Rfd1 Bb5 17. Nxb5 Rxb5 18. Qxa7 Rb7 19. Qa5 Qa8 20. Qd2 Qa3 21. Be4 Rb4 22. Bd3 Kg7 23. e3 Rd8 24. Rc2 d5 25. cxd6 Rxd6 26. Qc1 Qa7 27. Bc4 Rb7 28. Rcd2 Rbd7 29. a4 Qa5 30. Rd3 Qc5 31. Qc2 Qb6 32. Kg2 h5 33. h4 Qc5 34. Rxd6 exd6 35. e4 d5 36. exd5 cxd5 37. Bd3 Qb6 38. Bb5 Rc7 39. Qd3 d4 40. Bc4 Re7 41. Rd2 Re1 42. Qf3 Re5 43. Rd3 Rf5 44. Qa8 Be5 45. Rf3 Rxf3 46. Qxf3 Qf6 47. a5 Bd6 48. Qd5 Bc7 49. b4 d3 50. Qxd3 g5 51. hxg5 Qxg5 52. Qd7 Qe5 53. Qxf7+ 1-0

[Event "BCF-chT3N 1718 (4NCL)"]
[Site "England"]
[Date "2018.05.05"]
[Round "9.43"]
[White "Johnson, Michael D"]
[Black "Turner, John M"]
[Result "1/2-1/2"]
[WhiteElo "1981"]
[BlackElo "2000"]
[PlyCount "73"]
[EventDate "2017.11.11"]
[EventType "team-swiss"]
[EventRounds "11"]
[EventCountry "ENG"]
[SourceTitle "EXT 2020"]
[Source "ChessBase"]
[SourceDate "2019.10.17"]
[SourceVersion "1"]
[SourceVersionDate "2019.10.17"]
[SourceQuality "1"]
[WhiteTeam "Spirit of Atticus II"]
[BlackTeam "Holmes Chapel"]
[WhiteTeamCountry "ENG"]
[BlackTeamCountry "ENG"]

1. Nf3 Nf6 2. g3 b5 3. Bg2 Bb7 4. 0-0 e6 5. b3 c5 6. Bb2 Be7 7. e3 0-0 8. d3 d5 9. Ne5 Nc6 10. Nxc6 Bxc6 11. c4 a6 12. Nc3 Qd7 13. cxd5 Nxd5 14. Nxd5 Bxd5 15. Qg4 g6 16. Bxd5 Qxd5 17. Rfd1 f5 18. Qe2 Rfd8 19. Rac1 Rac8 20. Ba1 e5 21. e4 Qe6 22. exf5 Qxf5 23. Qxe5 Qxe5 24. Bxe5 Rd5 25. f4 Rcd8 26. Kf1 Rxd3 27. Rxd3 Rxd3 28. Ke2 Rd7 29. Rc2 Kf7 30. Kf3 Ke6 31. Ke4 Rd1 32. Re2 Bf6 33. Bxf6 Kxf6 34. Rc2 Rd4+ 35. Ke3 Rd5 36. g4 Ke6 37. h3 1/2-1/2

[Event "BCF-chT3Nb 1516 (4NCL)"]
[Site "England"]
[Date "2016.03.19"]
[Round "7.119"]
[White "Johnson, Michael D"]
[Black "Bibby, Liam"]
[Result "0-1"]
[WhiteElo "2027"]
[BlackElo "1705"]
[PlyCount "100"]
[EventDate "2015.11.14"]
[EventType "team-swiss"]
[EventRounds "7"]
[EventCountry "ENG"]
[SourceTitle "EXT 2017"]
[Source "ChessBase"]
[SourceDate "2016.10.25"]
[SourceVersion "1"]
[SourceVersionDate "2016.10.25"]
[SourceQuality "1"]
[WhiteTeam "Spirit of Atticus II"]
[BlackTeam "Manx Ravens"]
[WhiteTeamCountry "ENG"]
[BlackTeamCountry "ENG"]

1. Nf3 d5 2. g3 e6 3. Bg2 c5 4. 0-0 Nf6 5. d4 Nc6 6. c4 Be7 7. Nc3 0-0 8. cxd5 exd5 9. Bg5 b6 10. Bxf6 Bxf6 11. e3 Be6 12. Rc1 Rc8 13. b3 a6 14. dxc5 bxc5 15. Na4 c4 16. Nd4 Nxd4 17. exd4 Qa5 18. Nc5 Rxc5 19. dxc5 c3 20. Qd3 Rc8 21. f4 Qxc5+ 22. Kh1 g6 23. f5 Bxf5 24. Rxf5 gxf5 25. Qxf5 Rc6 26. Bxd5 Qe3 27. Rc2 Rd6 28. Qg4+ Qg5 29. Qxg5+ Bxg5 30. Bc4 Bd2 31. Kg2 Rf6 32. b4 Kf8 33. a4 Ke7 34. b5 a5 35. Bd3 h6 36. Ra2 Rd6 37. Bc2 Bc1 38. Bb3 Bb2 39. Kf3 Rd2 40. Ke3 Rxh2 41. Kd3 f6 42. Kc4 Kd6 43. Bd1 Rd2 44. Bb3 h5 45. b6 Kc6 46. b7 Kxb7 47. g4 hxg4 48. Kb5 c2 49. Bxc2 Rxc2 50. Kxa5 Bc3+ 0-1

[Event "BCF-chT3Nb 1516 (4NCL)"]
[Site "England"]
[Date "2016.02.14"]
[Round "6.116"]
[White "Johnson, Michael D"]
[Black "Bramson, Mike"]
[Result "1/2-1/2"]
[WhiteElo "2027"]
[BlackElo "1860"]
[PlyCount "56"]
[EventDate "2015.11.14"]
[EventType "team-swiss"]
[EventRounds "7"]
[EventCountry "ENG"]
[SourceTitle "EXT 2017"]
[Source "ChessBase"]
[SourceDate "2016.10.25"]
[SourceVersion "1"]
[SourceVersionDate "2016.10.25"]
[SourceQuality "1"]
[WhiteTeam "Spirit of Atticus II"]
[BlackTeam "Bradford DCA Knights III"]
[WhiteTeamCountry "ENG"]
[BlackTeamCountry "ENG"]

1. Nf3 d5 2. g3 c6 3. Bg2 Bg4 4. 0-0 Nd7 5. d4 f6 6. c4 e6 7. cxd5 cxd5 8. Nc3 Bd6 9. e4 Nb6 10. exd5 exd5 11. a4 Ne7 12. Nb5 0-0 13. Nxd6 Qxd6 14. b3 Rae8 15. Ba3 Qd7 16. Re1 Nbc8 17. Qd2 Rf7 18. Rac1 Nd6 19. Bxd6 Qxd6 20. Rc3 Rc8 21. Rxc8+ Nxc8 22. Re8+ Rf8 23. Rxf8+ Kxf8 24. Ne1 Qd7 25. Qf4 Bd1 26. Nd3 b6 27. Nc1 Ne7 28. Qd2 Bg4 1/2-1/2

[Event "BCF-chT3Nb 1516 (4NCL)"]
[Site "England"]
[Date "2016.01.17"]
[Round "4.107"]
[White "Taylor, John Paul"]
[Black "Johnson, Michael D"]
[Result "1/2-1/2"]
[WhiteElo "1844"]
[BlackElo "2036"]
[PlyCount "139"]
[EventDate "2015.11.14"]
[EventType "team-swiss"]
[EventRounds "7"]
[EventCountry "ENG"]
[SourceTitle "CBM 170 Extra"]
[Source "ChessBase"]
[SourceDate "2016.02.25"]
[SourceVersion "1"]
[SourceVersionDate "2016.02.25"]
[SourceQuality "1"]
[WhiteTeam "Cheddleton III"]
[BlackTeam "Spirit of Atticus II"]
[WhiteTeamCountry "ENG"]
[BlackTeamCountry "ENG"]

1. e4 e6 2. d4 d5 3. Nc3 Bb4 4. e5 c5 5. a3 Bxc3+ 6. bxc3 Qa5 7. Bd2 Qa4 8. Qb1 a6 9. Nf3 Nc6 10. Qb3 Qxb3 11. cxb3 Na5 12. Rb1 c4 13. b4 Nb3 14. Be3 a5 15. Nd2 Nxd2 16. Bxd2 axb4 17. axb4 Ra2 18. g3 Ne7 19. Bh3 Bd7 20. Ke2 0-0 21. Ra1 Rfa8 22. Rxa2 Rxa2 23. Rb1 Ba4 24. Ke1 Bc2 25. Rc1 Bd3 26. Bg4 h6 27. Be2 Bh7 28. Bg4 Kf8 29. h4 Nc8 30. Be3 Bc2 31. Bd1 Bd3 32. Bd2 Ke7 33. Be2 Bh7 34. g4 Nb6 35. g5 hxg5 36. Bxg5+ Kd7 37. Bd1 Bd3 38. h5 Ra8 39. h6 gxh6 40. Bxh6 Rh8 41. Be3 Kc6 42. Ra1 Bc2 43. Kd2 Bxd1 44. Rxd1 Ra8 45. Rc1 Ra2+ 46. Rc2 Rxc2+ 47. Kxc2 Na4 48. Bd2 Kd7 49. Bg5 b5 50. Bh4 Ke8 51. f3 Nb6 52. Kd2 Kf8 53. Ke3 Kg7 54. Bd8 Na4 55. Kd2 Nb2 56. Bh4 Kg6 57. Ke3 Kf5 58. Bg3 Nd3 59. Bh4 Nf4 60. Bg3 Ng6 61. Kf2 f6 62. exf6 Kxf6 63. Ke3 Kf5 64. Bc7 Ne7 65. Be5 Nc6 66. Bg3 Ne7 67. Bd6 Ng8 68. Be5 Nh6 69. Bc7 Nf7 70. Bg3 1/2-1/2

[Event "Wetherby 4NCL op-B 6th"]
[Site "Wetherby"]
[Date "2016.01.09"]
[Round "2"]
[White "Johnson, Michael D"]
[Black "Ross, Andy"]
[Result "1-0"]
[WhiteElo "1742"]
[BlackElo "1705"]
[PlyCount "30"]
[EventDate "2016.01.08"]
[EventType "swiss"]
[EventRounds "5"]
[EventCountry "ENG"]
[SourceTitle "CBM 170 Extra"]
[Source "ChessBase"]
[SourceDate "2016.02.25"]
[SourceVersion "1"]
[SourceVersionDate "2016.02.25"]
[SourceQuality "1"]

1. e4 e5 2. Nf3 d5 3. d3 Bc5 4. Be2 Nd7 5. exd5 Ndf6 6. c4 Qd6 7. Nc3 c6 8. dxc6 Ne7 9. Be3 Nxc6 10. 0-0 Bxe3 11. fxe3 Nh5 12. Qd2 0-0 13. Ne4 Qh6 14. b4 f5 15. Ng3 Be6 1-0

[Event "BCF-chT3N 1415 (4NCL)"]
[Site "England"]
[Date "2015.01.10"]
[Round "3.97"]
[White "Johnson, Michael D"]
[Black "Bramson, Mike"]
[Result "1-0"]
[WhiteElo "2047"]
[BlackElo "1830"]
[PlyCount "135"]
[EventDate "2014.11.15"]
[EventType "team-swiss"]
[EventRounds "6"]
[EventCountry "ENG"]
[SourceTitle "EXT 2016"]
[Source "ChessBase"]
[SourceDate "2015.10.08"]
[SourceVersion "1"]
[SourceVersionDate "2015.10.08"]
[SourceQuality "1"]
[WhiteTeam "Spirit of Atticus II"]
[BlackTeam "Bradford DCA Knights III"]
[WhiteTeamCountry "ENG"]
[BlackTeamCountry "ENG"]

1. Nf3 Nf6 2. g3 Nc6 3. d4 d5 4. Bg2 Bf5 5. 0-0 e6 6. c4 Be7 7. Nc3 0-0 8. b3 Ne4 9. Bb2 Bf6 10. e3 Re8 11. Nd2 Nxc3 12. Bxc3 Ne7 13. c5 c6 14. f4 Bd3 15. Rf2 Nf5 16. Qe1 h5 17. Nf3 Be4 18. Bf1 b5 19. Nd2 a5 20. Nxe4 dxe4 21. Bg2 Qd5 22. Re2 b4 23. Bb2 a4 24. bxa4 Rxa4 25. Qb1 Qc4 26. Kf2 Rea8 27. Bxe4 Rxa2 28. Rxa2 Rxa2 29. Bxf5 exf5 30. Qxf5 Bxd4 31. Qe4 Qxe2+ 32. Kxe2 Rxb2+ 33. Kd3 Bxc5 34. Qe8+ Bf8 35. Qxc6 Rxh2 36. Qd5 Be7 37. f5 Rf2 38. Qe5 Bf8 39. e4 b3 40. Ke3 Ra2 41. Kd3 Ra4 42. Kc3 Rb4 43. Kb2 Rb6 44. Qd4 Rb4 45. Qd5 Be7 46. e5 Bg5 47. e6 Bf6+ 48. Kb1 fxe6 49. fxe6 Be7 50. Qxh5 Rb7 51. Qd5 Rb8 52. g4 b2 53. g5 Rd8 54. Qb3 Rd4 55. g6 Kf8 56. Qb8+ Rd8 57. Qc7 Rd6 58. Kxb2 Rd2+ 59. Kb3 Rd3+ 60. Kc4 Rd1 61. Kb5 Rb1+ 62. Ka6 Ra1+ 63. Kb7 Rb1+ 64. Kc8 Rb4 65. Qe5 Bf6 66. Qc5+ Be7 67. Qf5+ Bf6 68. e7+ 1-0